Closest Countries to Berlin - Statistics

General Stats
  • This quiz has been taken 1,123 times
  • The average score is 21 of 22
Answer Stats
Hint Answer % Correct
60 Poland
100%
248 Denmark
99%
537 France
99%
407 Austria
98%
319 Sweden
98%
534 Belgium
97%
177 Czech Republic
97%
571 Luxembourg
97%
433 Netherlands
97%
612 Italy
96%
534 Slovakia
96%
626 Switzerland
96%
570 Hungary
94%
653 Liechtenstein
94%
708 Norway
94%
584 Lithuania
93%
272 Russia
93%
657 Slovenia
93%
634 Latvia
92%
666 Belarus
90%
710 Croatia
89%
707 Ukraine
88%
No matching quizzes found
Score Distribution
Percent of People with Each Score
Percentile by Number Answered
Your Score History
You have not taken this quiz